Protestantism, capitalism, and social science; (Record no. 118395)
[ view plain ]
| 000 -LEADER | |
|---|---|
| fixed length control field | 01619cam a2200301 4500 |
| 001 - CONTROL NUMBER | |
| control field | 1715335 |
| 003 - CONTROL NUMBER IDENTIFIER | |
| control field | ARRUPE |
| 005 - DATE AND TIME OF LATEST TRANSACTION | |
| control field | 20131023111811.0 |
| 008 - FIXED-LENGTH DATA ELEMENTS--GENERAL INFORMATION | |
| fixed length control field | 731116s1973 mau b 000 0 eng |
| 010 ## - LIBRARY OF CONGRESS CONTROL NUMBER | |
| LC control number | 72013639 |
| 020 ## - INTERNATIONAL STANDARD BOOK NUMBER | |
| International Standard Book Number | 0669817376 |
| 040 ## - CATALOGING SOURCE | |
| Original cataloging agency | DLC |
| Transcribing agency | DLC |
| Modifying agency | DLC |
| 050 00 - LIBRARY OF CONGRESS CALL NUMBER | |
| Classification number | BR115.E3 |
| Item number | G7 1973 |
| 300 ## - PHYSICAL DESCRIPTION | |
| Dimensions | 21 cm. |
| 100 1# - MAIN ENTRY--PERSONAL NAME | |
| Personal name | Green, Robert W., |
| Relator term | ed. |
| 9 (RLIN) | 2723 |
| 245 10 - TITLE STATEMENT | |
| Title | Protestantism, capitalism, and social science; |
| Remainder of title | the Weber thesis controversy. |
| Statement of responsibility, etc | Edited and with an introd. by Robert W. Green. |
| 250 ## - EDITION STATEMENT | |
| Edition statement | 2d ed. |
| 260 ## - PUBLICATION, DISTRIBUTION, ETC. (IMPRINT) | |
| Place of publication, distribution, etc | Lexington, Mass., |
| Name of publisher, distributor, etc | Heath |
| Date of publication, distribution, etc | [1973] |
| 300 ## - PHYSICAL DESCRIPTION | |
| Extent | xviii, 195 p. |
| 440 #0 - SERIES STATEMENT/ADDED ENTRY--TITLE | |
| Title | Problems in European civilization |
| 9 (RLIN) | 2724 |
| 500 ## - GENERAL NOTE | |
| General note | Published in 1959 under title: Protestantism and capitalism. |
| 505 0# - FORMATTED CONTENTS NOTE | |
| Formatted contents note | Weber, M. The author defines his purpose.--Fullerton, K. Calvinism and capitalism: an explanation of the Weber thesis.--Warner, R. S. Weber's sociology of nonwestern religions.--Robertson, H. M. A criticism of Max Weber and his school.--Tawney, R. H. Religion and the rise of capitalism.--Samuelsson, K. Religion and economic action.--Hansen, N. M. Sources of economic rationality.--Hughes, H. S. Weber's search for rationality in Western society.--Mazlish, B. Arthur Mitzman's psycho-historical study of Max Weber.--Bibliography (p. 191-195) |
| 600 10 - SUBJECT ADDED ENTRY--PERSONAL NAME | |
| Personal name | Weber, Max, |
| Dates associated with a name | 1864-1920. |
| Title of a work | Protestantische Ethik und der Geist des Kapitalismus. |
| 9 (RLIN) | 2725 |
| 650 #0 - SUBJECT ADDED ENTRY--TOPICAL TERM | |
| Topical term or geographic name as entry element | Economics |
| General subdivision | Religious aspects |
| -- | Christianity. |
| 9 (RLIN) | 2726 |
| 650 #0 - SUBJECT ADDED ENTRY--TOPICAL TERM | |
| Topical term or geographic name as entry element | Religion and sociology. |
| 9 (RLIN) | 2727 |
| 650 #0 - SUBJECT ADDED ENTRY--TOPICAL TERM | |
| Topical term or geographic name as entry element | Capitalism. |
| 9 (RLIN) | 3 |
| 906 ## - LOCAL DATA ELEMENT F, LDF (RLIN) | |
| a | 7 |
| b | cbc |
| c | orignew |
| d | 2 |
| e | ocip |
| f | 19 |
| g | y-gencatlg |
| 942 ## - ADDED ENTRY ELEMENTS (KOHA) | |
| Source of classification or shelving scheme | Library of Congress Classification |
| Koha item type | Monograph ( Printed materials) |
| Withdrawn status | Lost status | Source of classification or shelving scheme | Damaged status | Not for loan | Collection code | Home library | Current library | Shelving location | Date acquired | Total Checkouts | Full call number | Barcode | Date last seen | Price effective from | Koha item type |
|---|---|---|---|---|---|---|---|---|---|---|---|---|---|---|---|
| Library of Congress Classification | Main Collection | ARRUPE LIBRARY | ARRUPE LIBRARY | Main Collection | 23/10/2013 | BR115.E3 G7 1973 | 464123770 | 15/11/2016 | 23/10/2013 | Monograph ( Printed materials) |